000 00212 a2200097 4500
001 11000
100 _aZimbardo, P.
245 _aPsychology and life
260 _a
_bScott Foresmean & Co
_c
090 _c8568
_d8568
942 _aNUST-CAE
_cM
_c35342
999 _c246073
_d246073